000 00578nam a22001937a 4500
003 BD-DhJNU
005 20250626033739.0
008 250626b |||||||| |||| 00| 0 eng d
020 _a8178240866
040 _aBD-DhJNU
_bENG
_cBD-DhJNU
_dBD-DhJNU
082 _223
_a954
100 _aSarkar, Sumit
245 _aBeyond nationalist frames :
_brelocating postmodernism, Hindutva, history /
_cSumit Sarkar
260 _aNew Delhi :
_bPermanent Black,
_c2010.
300 _a265 p. :
_c21 cm.
504 _aincludes index
650 _aReligion and politics
942 _2ddc
_cBK
_n0
999 _c1831
_d1831